000 00897nas a2200301 4500
001 BR2012007873
003 BR-BrBNA
005 20231205121336.0
007 ta
008 230509b bl.|||p| |||| 00| 00por d
040 _aBR-BrBNA
_bpor
_cBiblioteca Nacional de Agricultura
041 _a(Pt)
072 _aK10
100 1 _aValeri, S.V.
100 1 _aSá, A.F.L. de
100 1 _aMartins, A.B.G.
100 1 _aBarbosa, J.C.
245 1 _aEnraizamento de estacas de Caesalpinia echinata Lam. em hidroponia
650 _aPAU BRASIL
650 _aÁRVORE ANGIOSPERMA
650 _aENRAIZAMENTO DE ESTACA
650 _aAUXINA
650 _aÁCIDO INDOLBUTÍRICO
650 _aCULTIVO HIDROPÔNICO
773 0 _tCiência Florestal (Brazil)
_xISSN 0103-9954
_g(Apr-Jun 2012), v. 22(2) p. 241-250
_wBR2012007873
909 _a202311
_bLúcia
_c55
_dLúcia Elande
942 _2AGRIS
_n0
_cANA
999 _c223043
_d223043